| 000 | 00866nam a2200265 i 4500 | ||
|---|---|---|---|
| 001 | 14725 | ||
| 003 | ES-MaACL | ||
| 005 | 20230906150854.0 | ||
| 007 | t| | ||
| 008 | 990528s1996 ag ao |||| |dspa d | ||
| 020 | _a987-99610-1-3 | ||
| 080 | _a323.282(82) | ||
| 080 | _a32(82)"1976/83" | ||
| 245 | 0 | 0 | _aHistoria de las Madres de Plaza de Mayo. |
| 260 |
_aBuenos Aires : _bAsociación Madres de Plaza de Mayo, _c1996. |
||
| 300 |
_a188 p. : _bfot. ; _c18 cm. |
||
| 490 | 1 |
_a20 años de lucha ; _v1 |
|
| 610 | 2 | 4 |
_aMadres de Plaza de Mayo. _95566 |
| 650 | 1 | 4 |
_aPersonas desaparecidas (Represión política)- _zArgentina. _9166898 |
| 651 | 4 |
_aArgentina- _xHistoria- _y1976-1983, Dictadura militar. _9146348 |
|
| 710 | 2 |
_aMadres de Plaza de Mayo. _95566 |
|
| 830 | 0 |
_a20 años de lucha ; _v1 _9228527 |
|
| 852 |
_aES-MaACL _jL-21886 |
||
| 999 |
_c14725 _d14725 |
||